[Event "GBR-ch 111th"]
[Site "Liverpool"]
[Date "2025.08.05"]
[Round "4.30"]
[White "Dickenson, Neil F"]
[Black "Ashworth, Michael J"]
[Result "1-0"]
[WhiteElo "2247"]
[BlackElo "2053"]
[PlyCount "139"]
[EventDate "2025.08.02"]
[EventType "swiss"]
[EventRounds "9"]
[EventCountry "GBR"]
[SourceTitle "BritBase"]
[Source "John Saunders"]
[SourceDate "2025.08.11"]
[SourceVersion "1"]
[SourceVersionDate "2025.08.11"]
[SourceQuality "1"]

1. d4 Nf6 2. Nf3 e6 3. c4 Bb4+ 4. Nbd2 d5 5. Qa4+ Nc6 6. a3 Be7 7. e3 O-O 8. b4 dxc4 9. b5 Nb8 10. Bxc4 c5 11. dxc5 Bxc5 12. Bb2 Nbd7 13. Qc2 a6 14. O-O axb5 15. Bxb5 b6 16. Nb3 Ba6 17. Bxa6 Rxa6 18. Rfd1 Qe7 19. Nfd4 Bxd4 20. Nxd4 Nc5 21. Nb5 Rc8 22. Rac1 Raa8 23. Qc4 h6 24. Qf4 Ne8 25. h3 Rd8 26. Qf3 Rac8 27. Rxd8 Rxd8 28. Nd4 Qd7 29. Qc6 Qxc6 30. Nxc6 Rd2 31. Bd4 Nd3 32. Rb1 Nd6 33. Bxb6 Nxf2 34. a4 Nfe4 35. a5 Ra2 36. Nb4 Ra4 37. a6 Nd2 38. Rd1 N6c4 39. Bc5 f6 40. a7 Kf7 41. Nc2 Nb3 42. Rd8 Nxc5 43. a8=Q Rxa8 44. Rxa8 Nd3 45. Rc8 Nce5 46. Rc7+ Kg6 47. Nd4 Nb4 48. Nxe6 Nd5 49. Nf4+ Nxf4 50. exf4 Nd3 51. g3 h5 52. Rc3 Nb4 53. Kf2 Nd5 54. Rc5 Ne7 55. g4 hxg4 56. hxg4 Kh6 57. Kf3 Kg6 58. Ke4 Kf7 59. Rb5 Kg6 60. Rb7 Ng8 61. f5+ Kh7 62. Rb1 Nh6 63. Rh1 Kg8 64. Rxh6 gxh6 65. Kd5 Kf7 66. Kd6 Kf8 67. Ke6 Kg7 68. Ke7 Kg8 69. Kxf6 Kf8 70. Kg6 1-0

[Event "GBR-ch 111th"]
[Site "Liverpool"]
[Date "2025.08.05"]
[Round "4.31"]
[White "Banerjee, Supratit"]
[Black "Pereslavtsev, Alexandr"]
[Result "1-0"]
[WhiteElo "2242"]
[BlackElo "2079"]
[PlyCount "77"]
[EventDate "2025.08.02"]
[EventType "swiss"]
[EventRounds "9"]
[EventCountry "GBR"]
[SourceTitle "BritBase"]
[Source "John Saunders"]
[SourceDate "2025.08.11"]
[SourceVersion "1"]
[SourceVersionDate "2025.08.11"]
[SourceQuality "1"]

1. e4 c5 2. Nf3 e6 3. d4 cxd4 4. Nxd4 Nc6 5. Nc3 Qc7 6. Ncb5 Qb8 7. Bd3 a6 8. Nxc6 bxc6 9. Nd4 Nf6 10. Nf3 Bc5 11. Qe2 e5 12. O-O O-O 13. a3 a5 14. Bg5 Ne8 15. Bd2 a4 16. Kh1 f6 17. Bc4+ Kh8 18. Nh4 g5 19. Nf3 Nc7 20. h4 g4 21. Nh2 d5 22. Bd3 Rg8 23. f3 g3 24. Ng4 Bxg4 25. fxg4 Qc8 26. g5 Bf2 27. exd5 cxd5 28. Rxf2 gxf2 29. Qxf2 fxg5 30. Bxg5 Ne8 31. c4 dxc4 32. Be4 Ra5 33. Rf1 c3 34. bxc3 Qc4 35. Qf5 Rg7 36. Bh6 Rc7 37. Qf8+ Qg8 38. Qxg8+ Kxg8 39. Rf8# 1-0

[Event "GBR-ch 111th"]
[Site "Liverpool"]
[Date "2025.08.05"]
[Round "4.32"]
[White "Hobson, Kenneth"]
[Black "Yu, Rock"]
[Result "1-0"]
[WhiteElo "2361"]
[BlackElo "2107"]
[PlyCount "101"]
[EventDate "2025.08.02"]
[EventType "swiss"]
[EventRounds "9"]
[EventCountry "GBR"]
[SourceTitle "BritBase"]
[Source "John Saunders"]
[SourceDate "2025.08.11"]
[SourceVersion "1"]
[SourceVersionDate "2025.08.11"]
[SourceQuality "1"]

1. e4 e6 2. d4 d5 3. Nc3 Nf6 4. Bg5 h6 5. Bxf6 Qxf6 6. exd5 Bb4 7. Bb5+ Bd7 8. Bxd7+ Nxd7 9. dxe6 Qxe6+ 10. Nge2 Bxc3+ 11. bxc3 O-O 12. O-O Rfe8 13. Ng3 c5 14. Qf3 b6 15. a4 Rac8 16. d5 Qf6 17. Qxf6 Nxf6 18. c4 Ne4 19. Nf5 Rcd8 20. Rfe1 Nd2 21. Rxe8+ Rxe8 22. Ne3 Kf8 23. Rd1 Ne4 24. f3 Nd6 25. Kf2 Ke7 26. Ke2 Kd7 27. Kd3 h5 28. Nf1 Nf5 29. a5 Kc7 30. axb6+ axb6 31. Ra1 Kb7 32. Ng3 Nh4 33. Ne4 Rd8 34. Rg1 Ng6 35. Ng5 Rd7 36. Kc3 Nf4 37. Kb3 Ne2 38. Re1 Nd4+ 39. Kc3 Nf5 40. Re8 g6 41. Ne4 Kc7 42. g4 hxg4 43. fxg4 Nh6 44. Nf6 Rd6 45. g5 Nf5 46. Rf8 Rxf6 47. gxf6 Nd6 48. Kd3 Kb7 49. Rd8 Kc7 50. Rxd6 Kxd6 51. Ke4 1-0

[Event "GBR-ch 111th"]
[Site "Liverpool"]
[Date "2025.08.05"]
[Round "4.34"]
[White "Eames, Robert S"]
[Black "Dishman, Stephen"]
[Result "1/2-1/2"]
[WhiteElo "2136"]
[BlackElo "2254"]
[PlyCount "43"]
[EventDate "2025.08.02"]
[EventType "swiss"]
[EventRounds "9"]
[EventCountry "GBR"]
[SourceTitle "BritBase"]
[Source "John Saunders"]
[SourceDate "2025.08.11"]
[SourceVersion "1"]
[SourceVersionDate "2025.08.11"]
[SourceQuality "1"]

1. e4 c6 2. d4 d5 3. exd5 cxd5 4. c4 Nf6 5. Nc3 Nc6 6. Nf3 a6 7. cxd5 Nxd5 8. Bc4 Be6 9. Bb3 Na5 10. Bc2 Nxc3 11. bxc3 g6 12. O-O Bg7 13. Bf4 O-O 14. Re1 Bd5 15. Ng5 h6 16. Ne4 Nc4 17. Qd3 Rc8 18. Qh3 Kh7 19. Ng5+ Kg8 20. Ne4 Kh7 21. Ng5+ Kg8 22. Ne4 1/2-1/2

[Event "GBR-ch 111th"]
[Site "Liverpool"]
[Date "2025.08.05"]
[Round "4.35"]
[White "Malinovskii, Ilia"]
[Black "Sivanandan, Bodhana"]
[Result "1/2-1/2"]
[WhiteElo "2075"]
[BlackElo "2216"]
[PlyCount "139"]
[EventDate "2025.08.02"]
[EventType "swiss"]
[EventRounds "9"]
[EventCountry "GBR"]
[SourceTitle "BritBase"]
[Source "John Saunders"]
[SourceDate "2025.08.11"]
[SourceVersion "1"]
[SourceVersionDate "2025.08.11"]
[SourceQuality "1"]

1. e4 e5 2. Nc3 Nf6 3. d4 exd4 4. Qxd4 Nc6 5. Qd3 Bc5 6. Bf4 d6 7. O-O-O Be6 8. a3 Qe7 9. Nd5 Bxd5 10. exd5 Ne5 11. Bxe5 dxe5 12. Qb5+ Nd7 13. f3 O-O-O 14. Ne2 Nb6 15. Nc3 Bd4 16. Qa5 Bxc3 17. bxc3 Kb8 18. c4 Nd7 19. Bd3 Qc5 20. Qxc5 Nxc5 21. Rhe1 Rhe8 22. Rd2 Re7 23. Rde2 Rde8 24. g4 Kc8 25. h4 g6 26. Kd2 Kd7 27. Be4 Kd6 28. g5 b6 29. h5 Rf8 30. Rg2 Rg8 31. Rh1 Nb7 32. Bd3 Kc5 33. hxg6 fxg6 34. Rgh2 Rgg7 35. Rh4 Rgf7 36. R1h3 Nd6 37. Kc3 a6 38. a4 Nb7 39. Kb3 Kd6 40. Ka3 Nc5 41. Be4 a5 42. Bd3 c6 43. Be4 Rc7 44. Rh2 Nxe4 45. fxe4 Kc5 46. Kb3 Rf3+ 47. c3 cxd5 48. exd5 Rff7 49. Rh1 Rce7 50. Rd1 Kd6 51. Rdh1 Kc7 52. Rd1 Kd7 53. Rdh1 Kd6 54. R1h2 Rc7 55. R2h3 Rfe7 56. Re4 Rg7 57. Rhe3 Rce7 58. Rh3 Rgf7 59. Reh4 Rc7 60. Rh2 Kc5 61. R2h3 Rfe7 62. Re4 Kd6 63. Reh4 Rcd7 64. Rh2 Rf7 65. R2h3 Rde7 66. Rh2 Kc7 67. R2h3 Kd7 68. Rh2 Kc7 69. R2h3 Kd7 70. Rh2 1/2-1/2

[Event "GBR-ch 111th"]
[Site "Liverpool"]
[Date "2025.08.05"]
[Round "4.36"]
[White "Jackson, Edward"]
[Black "Stoica, Savas Marin"]
[Result "0-1"]
[WhiteElo "2194"]
[BlackElo "2092"]
[PlyCount "120"]
[EventDate "2025.08.02"]
[EventType "swiss"]
[EventRounds "9"]
[EventCountry "GBR"]
[SourceTitle "BritBase"]
[Source "John Saunders"]
[SourceDate "2025.08.11"]
[SourceVersion "1"]
[SourceVersionDate "2025.08.11"]
[SourceQuality "1"]

1. d4 Nf6 2. c4 g6 3. Nc3 d5 4. Nf3 Bg7 5. Bg5 c5 6. dxc5 Qa5 7. cxd5 Nxd5 8. Qxd5 Bxc3+ 9. Bd2 Bxd2+ 10. Qxd2 Qxc5 11. Rc1 Qf5 12. Nd4 Qd7 13. Qh6 Qd8 14. Qg7 Rf8 15. e3 Bd7 16. Bc4 Qa5+ 17. Rc3 Nc6 18. O-O Qe5 19. Qxh7 Nxd4 20. exd4 Qxd4 21. Bb3 e6 22. Qh3 Rh8 23. Qg3 Bc6 24. Rd1 Qf6 25. Rcd3 Kf8 26. Rd4 Kg7 27. R1d2 Rh5 28. Bd1 Rg5 29. Bg4 Rd5 30. Rxd5 Bxd5 31. a3 Rc8 32. h3 Rc1+ 33. Kh2 Rb1 34. b4 Rb3 35. Qc7 Rxa3 36. Rc2 Rb3 37. Qd6 Bc6 38. Re2 Rb2 39. Rxb2 Qxb2 40. Qc5 a6 41. Kg1 Qb1+ 42. Kh2 Qe4 43. f3 Qf4+ 44. Kg1 e5 45. Bc8 e4 46. Qd4+ Qf6 47. Qxf6+ Kxf6 48. Kf2 Ke5 49. Ke3 exf3 50. gxf3 g5 51. Bg4 f5 52. Bh5 f4+ 53. Kd3 Bb5+ 54. Kc3 Bd7 55. Bg6 Bxh3 56. Be4 g4 57. Kd2 g3 58. Ke1 b6 59. Bb7 a5 60. bxa5 bxa5 0-1

[Event "GBR-ch 111th"]
[Site "Liverpool"]
[Date "2025.08.05"]
[Round "4.37"]
[White "Stubbs, Oliver"]
[Black "Kueh, Audrey"]
[Result "1-0"]
[WhiteElo "2191"]
[BlackElo "2071"]
[PlyCount "145"]
[EventDate "2025.08.02"]
[EventType "swiss"]
[EventRounds "9"]
[EventCountry "GBR"]
[SourceTitle "BritBase"]
[Source "John Saunders"]
[SourceDate "2025.08.11"]
[SourceVersion "1"]
[SourceVersionDate "2025.08.11"]
[SourceQuality "1"]

1. d4 Nf6 2. Nf3 d5 3. Bf4 c5 4. e3 Nc6 5. Nbd2 Nh5 6. dxc5 Nxf4 7. exf4 g6 8. c3 Bg7 9. Nb3 O-O 10. Bb5 Bg4 11. h3 Bxf3 12. Qxf3 e6 13. O-O Na5 14. Rfd1 Qc7 15. Nxa5 Qxa5 16. a4 a6 17. b4 Qc7 18. Be2 a5 19. Ra2 Rfd8 20. Bb5 d4 21. cxd4 Rxd4 22. Rxd4 Bxd4 23. bxa5 Rd8 24. g3 Bxc5 25. Rc2 Rd5 26. Qc3 Qd6 27. Kg2 h5 28. h4 Kh7 29. Be2 Bb4 30. Qc7 Kg7 31. Qxb7 Bxa5 32. Qb2+ Kh7 33. Bf3 Rd2 34. Rxd2 Bxd2 35. Qf6 Kg8 36. f5 gxf5 37. Bxh5 Qc7 38. Bxf7+ Qxf7 39. Qd8+ Qf8 40. Qxd2 Qa8+ 41. Kg1 Qxa4 42. Qg5+ Kf7 43. Qh5+ Kg7 44. Qe2 Kf7 45. Kg2 Qc6+ 46. Qf3 Qc4 47. g4 Kf6 48. Kg3 Qc1 49. g5+ Kg6 50. Qa8 Qg1+ 51. Qg2 Qe1 52. Kh2 Qe5+ 53. Qg3 Qe2 54. Qe3 Qa2 55. Kg3 Qd5 56. Qf3 Qc4 57. Kh3 Qf1+ 58. Qg2 Qc4 59. Qg3 Qf1+ 60. Kh2 Qc4 61. Kg1 Qd4 62. Kg2 Qe4+ 63. f3 Qe2+ 64. Qf2 Qc4 65. Qb2 f4 66. Qf6+ Kh7 67. Qf7+ Kh8 68. Kh3 Qc6 69. Kg4 e5 70. Qf6+ Qxf6 71. gxf6 Kg8 72. Kf5 e4 73. Kxe4 1-0

[Event "GBR-ch 111th"]
[Site "Liverpool"]
[Date "2025.08.05"]
[Round "4.38"]
[White "Lebedev, Lion"]
[Black "Murawski, Jan"]
[Result "0-1"]
[WhiteElo "2048"]
[BlackElo "2189"]
[PlyCount "120"]
[EventDate "2025.08.02"]
[EventType "swiss"]
[EventRounds "9"]
[EventCountry "GBR"]
[SourceTitle "BritBase"]
[Source "John Saunders"]
[SourceDate "2025.08.11"]
[SourceVersion "1"]
[SourceVersionDate "2025.08.11"]
[SourceQuality "1"]

1. e4 e5 2. Nf3 Nc6 3. Bc4 Bc5 4. c3 Nf6 5. d4 exd4 6. e5 d5 7. Bb5 Ne4 8. cxd4 Bb6 9. Nc3 O-O 10. Be3 f5 11. exf6 Nxf6 12. h3 Ne7 13. O-O c6 14. Ba4 Bf5 15. Bc2 Bxc2 16. Qxc2 Ng6 17. Na4 Ne4 18. Nxb6 axb6 19. Nd2 Nxd2 20. Qxd2 Qd6 21. a3 h6 22. Rae1 Rae8 23. Qd1 Re6 24. Qg4 Re4 25. Qg3 Qxg3 26. fxg3 Rxf1+ 27. Kxf1 h5 28. Ke2 c5 29. Kd2 c4 30. Bf2 Rxe1 31. Bxe1 Ne7 32. Kc3 Nc6 33. a4 Kf7 34. Bd2 Ke6 35. g4 hxg4 36. hxg4 Kd7 37. Bf4 Nd8 38. b3 cxb3 39. Kxb3 Kc6 40. Be5 Ne6 41. Kb4 g6 42. Bf6 Nf4 43. g5 Nxg2 44. Bg7 Ne1 45. Bh8 Nf3 46. Bf6 Nd2 47. Be7 Ne4 48. Bd8 Nd2 49. Be7 Kd7 50. Bf6 Ne4 51. Be5 Nxg5 52. Kb5 Nf3 53. Bg3 Nxd4+ 54. Kxb6 Nb3 55. Kxb7 Nc5+ 56. Kb6 Nxa4+ 57. Kb5 Nc3+ 58. Kc5 Ne4+ 59. Kxd5 Nxg3 60. Ke5 Ke7 0-1

[Event "GBR-ch 111th"]
[Site "Liverpool"]
[Date "2025.08.05"]
[Round "4.39"]
[White "Chopra, Manmay"]
[Black "Deepak Ambattu, Rithvik"]
[Result "1-0"]
[WhiteElo "2188"]
[BlackElo "1990"]
[PlyCount "81"]
[EventDate "2025.08.02"]
[EventType "swiss"]
[EventRounds "9"]
[EventCountry "GBR"]
[SourceTitle "BritBase"]
[Source "John Saunders"]
[SourceDate "2025.08.11"]
[SourceVersion "1"]
[SourceVersionDate "2025.08.11"]
[SourceQuality "1"]

1. e4 c5 2. Nf3 d6 3. d4 cxd4 4. Nxd4 Nf6 5. Nc3 a6 6. Bd3 e5 7. Nde2 Be7 8. O-O O-O 9. Ng3 Be6 10. Nd5 Nbd7 11. c4 a5 12. b3 Nc5 13. Kh1 Nfd7 14. Bc2 Rc8 15. Rb1 Bg5 16. Ne3 Nf6 17. f3 g6 18. Qe1 h5 19. Nd5 Bxc1 20. Qxc1 Bxd5 21. exd5 h4 22. Ne2 Nh5 23. Qe3 f5 24. f4 exf4 25. Nxf4 Qg5 26. Qd4 Rce8 27. Nxh5 Qxh5 28. Qf4 Re5 29. a3 g5 30. Bd1 Qg6 31. Qd4 f4 32. Bg4 Qe4 33. Qd2 b6 34. b4 axb4 35. axb4 Nd3 36. Rbd1 h3 37. Bxh3 g4 38. Bxg4 Qg6 39. Be6+ Rxe6 40. dxe6 f3 41. gxf3 1-0

[Event "GBR-ch 111th"]
[Site "Liverpool"]
[Date "2025.08.05"]
[Round "4.40"]
[White "Weersing, Abigail R"]
[Black "Price, Gwilym T"]
[Result "0-1"]
[WhiteElo "2056"]
[BlackElo "2186"]
[PlyCount "116"]
[EventDate "2025.08.02"]
[EventType "swiss"]
[EventRounds "9"]
[EventCountry "GBR"]
[SourceTitle "BritBase"]
[Source "John Saunders"]
[SourceDate "2025.08.11"]
[SourceVersion "1"]
[SourceVersionDate "2025.08.11"]
[SourceQuality "1"]

1. d4 Nf6 2. c4 g6 3. Nc3 Bg7 4. e4 d6 5. f3 O-O 6. Be3 c5 7. Nge2 Nc6 8. d5 Ne5 9. Ng3 h5 10. Be2 h4 11. Nf1 e6 12. Bg5 Qb6 13. Qd2 exd5 14. Bxf6 Bxf6 15. Nxd5 Qd8 16. Nfe3 Nc6 17. Nxf6+ Qxf6 18. Nd5 Qd4 19. Qg5 Kg7 20. Qxh4 Rh8 21. Qf4 Qxb2 22. Rd1 Qe5 23. O-O Nd4 24. Bd3 Be6 25. Qxe5+ dxe5 26. Rb1 b6 27. Rfe1 Rac8 28. Rb2 Rhd8 29. a4 f5 30. Bb1 Bxd5 31. exd5 Kf6 32. Kf2 Rh8 33. h3 Rb8 34. Bd3 Rhe8 35. Kg3 g5 36. Kf2 Rbd8 37. g4 Rh8 38. Kg3 Nxf3 39. Rf1 e4 40. gxf5 exd3 41. Rxf3 Rh4 42. Rxd3 Rxc4 43. a5 Rd6 44. axb6 axb6 45. Rdb3 Kxf5 46. Rxb6 Rc3+ 47. Kg2 Rxd5 48. Rf2+ Ke4 49. Rbb2 Rdd3 50. Rbe2+ Re3 51. Rxe3+ Rxe3 52. Rf8 c4 53. Rg8 c3 54. Rxg5 c2 55. Rc5 Kd3 56. h4 Kd2 57. Kf2 Rc3 58. Rd5+ Rd3 0-1

[Event "GBR-ch 111th"]
[Site "Liverpool"]
[Date "2025.08.05"]
[Round "4.41"]
[White "Korsinskij, Marek"]
[Black "Kanyamarala, Trisha"]
[Result "1/2-1/2"]
[WhiteElo "1727"]
[BlackElo "2178"]
[PlyCount "96"]
[EventDate "2025.08.02"]
[EventType "swiss"]
[EventRounds "9"]
[EventCountry "GBR"]
[SourceTitle "BritBase"]
[Source "John Saunders"]
[SourceDate "2025.08.11"]
[SourceVersion "1"]
[SourceVersionDate "2025.08.11"]
[SourceQuality "1"]

1. c4 e6 2. e4 d5 3. cxd5 exd5 4. exd5 Nf6 5. Bb5+ Nbd7 6. Nc3 Be7 7. Nf3 O-O 8. O-O Nb6 9. h3 a6 10. Bd3 Nbxd5 11. Bb1 b5 12. d4 Bb7 13. Ne4 Nb6 14. Nfg5 Nxe4 15. Bxe4 Bxe4 16. Nxe4 Qd5 17. Re1 Rfe8 18. Nc3 Qf5 19. Qg4 Qxg4 20. hxg4 Bb4 21. Rd1 Rad8 22. a3 Bxc3 23. bxc3 Rd7 24. Bf4 Re4 25. Re1 Rxe1+ 26. Rxe1 Kf8 27. Kf1 Na4 28. Rc1 Nb2 29. Rc2 Nc4 30. Ra2 Nb6 31. Ra1 f6 32. Ke2 Kf7 33. Rh1 h6 34. Rh5 c6 35. Rc5 Re7+ 36. Kd3 Re6 37. Rh5 Nc4 38. d5 cxd5 39. Rxd5 Ke7 40. Rc5 g5 41. Bg3 Nxa3 42. Kd4 Nc4 43. Rc7+ Ke8 44. Ra7 Re2 45. Rxa6 Kf7 46. Kc5 Rb2 47. Ra7+ Ke6 48. Rb7 Nd2 1/2-1/2

[Event "GBR-ch 111th"]
[Site "Liverpool"]
[Date "2025.08.05"]
[Round "4.42"]
[White "Brewer, Callum D"]
[Black "Ashbrooke, Monika"]
[Result "1-0"]
[WhiteElo "2152"]
[BlackElo "1591"]
[PlyCount "61"]
[EventDate "2025.08.02"]
[EventType "swiss"]
[EventRounds "9"]
[EventCountry "GBR"]
[SourceTitle "BritBase"]
[Source "John Saunders"]
[SourceDate "2025.08.11"]
[SourceVersion "1"]
[SourceVersionDate "2025.08.11"]
[SourceQuality "1"]

1. e4 e6 2. d4 d5 3. e5 c5 4. c3 Qb6 5. Nf3 Bd7 6. Bd3 Bb5 7. dxc5 Bxc5 8. b4 Bxd3 9. Qxd3 Bf8 10. O-O Nc6 11. Na3 Rc8 12. Be3 Qd8 13. Rfe1 a6 14. Nc2 Nge7 15. Bc5 g6 16. a4 Nf5 17. Bxf8 Kxf8 18. b5 axb5 19. axb5 Na5 20. g4 Ne7 21. Ncd4 h5 22. Ng5 Qb6 23. Qf3 f5 24. exf6 hxg4 25. fxe7+ Kg7 26. Ngxe6+ Kh7 27. Qf7+ Kh6 28. Qg7+ Kh5 29. Re5+ Kh4 30. Qf6+ Kh3 31. Nf4# 1-0

[Event "GBR-ch 111th"]
[Site "Liverpool"]
[Date "2025.08.05"]
[Round "4.43"]
[White "Verbytski, Oleg"]
[Black "Ledger, Dave J"]
[Result "1-0"]
[WhiteElo "2001"]
[BlackElo "2161"]
[PlyCount "55"]
[EventDate "2025.08.02"]
[EventType "swiss"]
[EventRounds "9"]
[EventCountry "GBR"]
[SourceTitle "BritBase"]
[Source "John Saunders"]
[SourceDate "2025.08.11"]
[SourceVersion "1"]
[SourceVersionDate "2025.08.11"]
[SourceQuality "1"]

1. e4 e5 2. Nf3 Nc6 3. Bc4 Bc5 4. c3 Nf6 5. d3 a6 6. a4 d6 7. O-O O-O 8. Re1 Ba7 9. h3 h6 10. a5 Ne7 11. Nbd2 Ng6 12. Bb3 Re8 13. Nf1 c6 14. Bc2 d5 15. Ng3 Be6 16. d4 dxe4 17. Nxe5 Nxe5 18. dxe5 Qxd1 19. Rxd1 Nd7 20. Nxe4 Nxe5 21. Bf4 Ng6 22. Bg3 Rad8 23. b4 Bd5 24. Nd6 Re7 25. c4 Be6 26. c5 Bb8 27. Re1 Red7 28. Bxg6 1-0

[Event "GBR-ch 111th"]
[Site "Liverpool"]
[Date "2025.08.05"]
[Round "4.44"]
[White "Hryshchenko, Kamila"]
[Black "Carpenter, Paul A"]
[Result "1-0"]
[WhiteElo "2097"]
[BlackElo "1922"]
[PlyCount "65"]
[EventDate "2025.08.02"]
[EventType "swiss"]
[EventRounds "9"]
[EventCountry "GBR"]
[SourceTitle "BritBase"]
[Source "John Saunders"]
[SourceDate "2025.08.11"]
[SourceVersion "1"]
[SourceVersionDate "2025.08.11"]
[SourceQuality "1"]

1. e4 b6 2. d4 Bb7 3. Bd3 e6 4. Nf3 d6 5. c3 h6 6. Nbd2 g6 7. O-O Bg7 8. Qe2 a6 9. h3 Ne7 10. Nh2 O-O 11. f4 f5 12. Ndf3 Nd7 13. e5 dxe5 14. fxe5 c5 15. Bd2 b5 16. Rf2 c4 17. Bc2 Nb6 18. Nf1 Ned5 19. a4 Bc6 20. a5 Nc8 21. b3 cxb3 22. Bxb3 Nce7 23. Ne1 g5 24. Nd3 Ng6 25. Nc5 Re8 26. Ng3 Ngf4 27. Bxf4 Nxf4 28. Rxf4 gxf4 29. Nxe6 Qc8 30. Nxf5 Qxe6 31. Bxe6+ Rxe6 32. Qg4 Ra7 33. Nxg7 1-0

[Event "GBR-ch 111th"]
[Site "Liverpool"]
[Date "2025.08.05"]
[Round "4.45"]
[White "Honey, Luke"]
[Black "Harborne, Matthew J"]
[Result "0-1"]
[WhiteElo "2082"]
[BlackElo "2048"]
[PlyCount "170"]
[EventDate "2025.08.02"]
[EventType "swiss"]
[EventRounds "9"]
[EventCountry "GBR"]
[SourceTitle "BritBase"]
[Source "John Saunders"]
[SourceDate "2025.08.11"]
[SourceVersion "1"]
[SourceVersionDate "2025.08.11"]
[SourceQuality "1"]

1. e4 c6 2. Nc3 d5 3. d4 dxe4 4. Nxe4 Bf5 5. Ng3 Bg6 6. Nf3 Nd7 7. h4 h6 8. h5 Bh7 9. Bd3 Bxd3 10. Qxd3 Qc7 11. Bd2 Ngf6 12. O-O-O e6 13. Ne4 Nxe4 14. Qxe4 Nf6 15. Qe2 Bd6 16. g3 b5 17. Ne5 Bxe5 18. dxe5 Nd5 19. Kb1 O-O-O 20. c4 bxc4 21. Rc1 Nb6 22. Ba5 Rd5 23. Bxb6 axb6 24. Qxc4 Kb7 25. f4 Rhd8 26. Rc3 Rd4 27. Qe2 Qd7 28. Rhc1 c5 29. Ra3 Ra4 30. Qf3+ Kc7 31. Rb3 Qd5 32. Qc3 Qd4 33. a3 Qe4+ 34. Ka1 Rad4 35. Qc2 Qxc2 36. Rxc2 Rd3 37. Rbc3 Rxc3 38. Rxc3 Rd1+ 39. Ka2 Rh1 40. b4 Kc6 41. a4 Rxh5 42. a5 bxa5 43. Rxc5+ Kb6 44. Rxa5 Rh2+ 45. Kb1 Rg2 46. Ra3 Kb5 47. Ra7 Kxb4 48. Rxf7 Rxg3 49. f5 exf5 50. e6 Re3 51. Rxg7 Rxe6 52. Rf7 Re5 53. Kc2 Kc4 54. Rh7 Kd4 55. Kd2 Re6 56. Rf7 Ke4 57. Ke2 Kf4+ 58. Kf2 Ra6 59. Rh7 Ra2+ 60. Kg1 Kg5 61. Rg7+ Kf6 62. Rg8 Ra4 63. Rf8+ Kg5 64. Rg8+ Kh4 65. Kf2 Rg4 66. Rf8 Kg5 67. Rg8+ Kf4 68. Rh8 Rg6 69. Rh7 Kg4 70. Kg2 h5 71. Ra7 h4 72. Rf7 f4 73. Rf8 h3+ 74. Kh2 Kf3 75. Rf7 Rh6 76. Rf8 Re6 77. Ra8 Kf2 78. Kxh3 f3 79. Ra2+ Re2 80. Ra3 Rd2 81. Kg4 Rd4+ 82. Kh3 Rd8 83. Kg4 Kg2 84. Kf4 f2 85. Ra2 Kg1 0-1

[Event "GBR-ch 111th"]
[Site "Liverpool"]
[Date "2025.08.05"]
[Round "4.46"]
[White "Jukes, Sam"]
[Black "Liu, Jack"]
[Result "0-1"]
[WhiteElo "1972"]
[BlackElo "2071"]
[PlyCount "52"]
[EventDate "2025.08.02"]
[EventType "swiss"]
[EventRounds "9"]
[EventCountry "GBR"]
[SourceTitle "BritBase"]
[Source "John Saunders"]
[SourceDate "2025.08.11"]
[SourceVersion "1"]
[SourceVersionDate "2025.08.11"]
[SourceQuality "1"]

1. d4 Nf6 2. c4 g6 3. h4 Bg7 4. Nc3 O-O 5. e4 d6 6. Be2 c5 7. d5 e6 8. h5 exd5 9. exd5 Qe7 10. Bg5 Nbd7 11. h6 Bh8 12. Nf3 Ne5 13. O-O Nxf3+ 14. Bxf3 a6 15. Ne4 Qe5 16. Bxf6 Bxf6 17. Re1 Bf5 18. Rb1 Bxe4 19. Rxe4 Qg5 20. Qb3 b5 21. cxb5 axb5 22. Qxb5 Rxa2 23. g3 Qxh6 24. Kg2 Qg5 25. Qd3 Rxb2 26. Rg4 Qd2 0-1

[Event "GBR-ch 111th"]
[Site "Liverpool"]
[Date "2025.08.05"]
[Round "4.47"]
[White "Strade, Arita"]
[Black "Dicen, Elis Denele"]
[Result "0-1"]
[WhiteElo "1971"]
[BlackElo "2069"]
[PlyCount "74"]
[EventDate "2025.08.02"]
[EventType "swiss"]
[EventRounds "9"]
[EventCountry "GBR"]
[SourceTitle "BritBase"]
[Source "John Saunders"]
[SourceDate "2025.08.11"]
[SourceVersion "1"]
[SourceVersionDate "2025.08.11"]
[SourceQuality "1"]

1. e4 c5 2. c3 Nf6 3. e5 Nd5 4. Nf3 Nc6 5. d4 cxd4 6. cxd4 e6 7. Nc3 d6 8. Bd3 Be7 9. O-O O-O 10. Qe2 Bd7 11. Ne4 dxe5 12. dxe5 h6 13. a3 Qb6 14. b4 Rac8 15. g3 a6 16. Bb2 Qd8 17. Rfd1 Na7 18. Nd4 Qb6 19. Nb3 Ba4 20. Bd4 Qd8 21. Nec5 Bxb3 22. Nxb3 Nc6 23. Qe4 g6 24. Bb2 b5 25. h4 h5 26. Nc5 Bxc5 27. bxc5 Qe7 28. Rac1 Na5 29. Bd4 Nb3 30. c6 Qxa3 31. Ra1 Qb4 32. Bc2 Nxa1 33. Rxa1 Rxc6 34. Bd3 Rfc8 35. g4 Rc1+ 36. Rxc1 Rxc1+ 37. Kg2 Qe1 0-1

[Event "GBR-ch 111th"]
[Site "Liverpool"]
[Date "2025.08.05"]
[Round "4.48"]
[White "Patel, Zain"]
[Black "Nevska, Gerda"]
[Result "1/2-1/2"]
[WhiteElo "2048"]
[BlackElo "1799"]
[PlyCount "114"]
[EventDate "2025.08.02"]
[EventType "swiss"]
[EventRounds "9"]
[EventCountry "GBR"]
[SourceTitle "BritBase"]
[Source "John Saunders"]
[SourceDate "2025.08.11"]
[SourceVersion "1"]
[SourceVersionDate "2025.08.11"]
[SourceQuality "1"]

1. d4 c5 2. d5 Nf6 3. Nc3 d6 4. e4 g6 5. Nf3 Bg7 6. Bc4 O-O 7. O-O Bg4 8. h3 Bxf3 9. Qxf3 Nbd7 10. Be2 a6 11. a4 Re8 12. Qg3 Rc8 13. f4 e6 14. dxe6 Rxe6 15. Bf3 c4 16. Be3 Qa5 17. Rad1 Nc5 18. e5 dxe5 19. fxe5 Nfd7 20. Bd5 Bxe5 21. Qh4 Bf6 22. Rxf6 Rxf6 23. Bd4 Qd8 24. Bxf6 Qxf6 25. Qxc4 Nb6 26. Qe2 Ncxa4 27. Ne4 Qe7 28. Bxf7+ Qxf7 29. Nd6 Qd7 30. Nxc8 Qxc8 31. Qe7 Qc5+ 32. Qxc5 Nxc5 33. Rd6 Ncd7 34. c4 Kf7 35. c5 Ke7 36. b4 a5 37. bxa5 Nc4 38. a6 bxa6 39. Rxa6 Nce5 40. c6 Nc5 41. Ra5 Ned3 42. Ra7+ Kd6 43. Rxh7 Kxc6 44. h4 Kd5 45. Kh2 Ke5 46. Kg3 Kf5 47. Rf7+ Ke6 48. Ra7 Kf6 49. Kf3 Ne1+ 50. Kf2 Ned3+ 51. Ke3 Kf5 52. Rg7 Ne5 53. Rg8 Kg4 54. Kd4 Ncd7 55. g3 Kh5 56. Ke3 Kg4 57. Rg7 Kf5 1/2-1/2

[Event "GBR-ch 111th"]
[Site "Liverpool"]
[Date "2025.08.05"]
[Round "4.49"]
[White "Jones, Steven A"]
[Black "Zhou, Yang-Fan"]
[Result "1/2-1/2"]
[WhiteElo "2185"]
[BlackElo "2406"]
[PlyCount "116"]
[EventDate "2025.08.02"]
[EventType "swiss"]
[EventRounds "9"]
[EventCountry "GBR"]
[SourceTitle "BritBase"]
[Source "John Saunders"]
[SourceDate "2025.08.11"]
[SourceVersion "1"]
[SourceVersionDate "2025.08.11"]
[SourceQuality "1"]

1. e4 c5 2. Nf3 d6 3. d4 cxd4 4. Nxd4 Nf6 5. Nc3 a6 6. Be3 e5 7. Nb3 Be7 8. Qd2 Ng4 9. g3 O-O 10. O-O-O Nd7 11. Nd5 Nxe3 12. Qxe3 Bg5 13. f4 Bh6 14. Kb1 Nf6 15. Bc4 Bg4 16. Rdf1 b5 17. Nxf6+ Qxf6 18. Bd5 Rae8 19. Rhg1 Be6 20. Qd3 Bxd5 21. Qxd5 exf4 22. gxf4 g6 23. e5 dxe5 24. f5 Bf4 25. fxg6 hxg6 26. Nc5 Rd8 27. Qb7 Qf5 28. Nd3 Rd6 29. a3 Rfd8 30. h4 Kg7 31. Ka1 Rf6 32. Qf3 Qe6 33. Qe2 Kf8 34. h5 g5 35. Nxf4 gxf4 36. Qe4 Qd5 37. Qh7 f3 38. Rg8+ Ke7 39. Rxd8 Qxd8 40. Qe4 Qd4 41. Qb7+ Kf8 42. c3 Qe3 43. Qc8+ Kg7 44. Qg4+ Kh8 45. Rg1 Qxg1+ 46. Qxg1 f2 47. Qf1 e4 48. Ka2 e3 49. h6 Rxh6 50. Qd1 Re6 51. Qh5+ Kg8 52. Qg5+ Rg6 53. Qd8+ Kg7 54. Qd4+ Rf6 55. Qg4+ Kf8 56. Qc8+ Kg7 57. Qg4+ Kf8 58. Qc8+ Kg7 1/2-1/2